000 00608nam a2200277Ia 4500
005 20260401122307.0
008 008 250103s9999 xx 000 0 eng d
020 _a9781405167307
037 _aTB
040 _aEDL
040 _beng
040 _cEDL
041 _2eng
041 _aeng
084 _a941.085 ADD
084 _qEDL
245 0 _aCompanion to Contemporary Britain 1939-2000
260 _aU.S.A
260 _bBlackwell Publishing
260 _c2007
300 _a583p
942 _cTB
942 _h941.085 ADD
999 _c1846293
_d1846293